000 00635nam a2200253Ia 4500
005 20260121154755.0
008 008 260114s9999 xx 000 0 eng d
020 _a9780429322105
037 _aEBOOK
040 _aCRL
040 _beng
040 _cCRL
041 _2eng
041 _aeng
084 _qCRL
100 _a Guillermo G¢mez-Pe¤a; Sa£l Garc¡a-L¢pez; Paloma Martinez-Cruz
_91011329
245 0 _aLa Pocha Nostra
260 _bTaylor and Francis
260 _c2021
856 _uhttp://www.taylorfrancis.com/books/9780429322105
942 _cEBOOK
999 _c1578150
_d1578150